• 首页
  • 本馆介绍
  • 公告通知
  • 最新文献
  • 馆藏检索
  • 电子资源
  • 读者导购
  • 参考咨询
  • 我的图书馆
  • 登录
  • 详细信息显示
  • 放入我的书架
  • 预约/预借图书
  • 作者相关作品
  • 分类相关作品
  • 丛书相关作品
  • 出版社相关作品

书目信息

  • 表格格式
  • 工作单格式
  • 卡片格式
题名:
大学英语词汇手册
    
 
作者: 黄人杰 编
分册:  
出版信息: 上海   上海交通大学出版社  1986
页数: 710页
开本: 10cm
丛书名:
单 册:
中图分类: H313.1
科图分类:
主题词: 英语
电子资源:
ISBN:
000 00629nam0 2200241 45
001 0186016131
005 20040506084008.8
010    @dCNY2.20
091    @a17324.46
100    @a19900809d1986 em y0chiy0121 ea
101 0  @achi@aeng
102    @aCN@b310000
105    @ay z 000yy
106    @ar
200 10 @a大学英语词汇手册@Ada xue ying yu ci hui shou ce@f黄人杰编
210    @a上海@c上海交通大学出版社@d1986
215    @a710页@d10cm
606 0  @a英语
690    @aH313.1
701  0 @a黄人杰@Ahuang ren jie@4编
801  0 @aCN@b深圳图书馆@c20040506
801  2 @aCN@bNLC@c20040506
905    @f1@b170848@dH313.1@e104
    
    大学英语词汇手册/黄人杰编.-上海:上海交通大学出版社,1986
    710页;10cm
    
    
    ISBN :CNY2.20
    
●
相关链接 在E读中查询图书 在五车中查询图书 在当当中查询图书 在豆瓣中查询图书


正题名:大学英语词汇手册     索取号:H313.1/104         预约/预借

序号 登录号 条形码 馆藏地/架位号 状态 备注
1 0170848   001383979   第二样本阅览室/ [索取号:H313.1/104] 在馆    
欢迎您!
大连网信软件有限公司© 版权所有